Polskie miasta - Quiz obrazkowy - Statystyki

Ogólne statystyki
  • Ten quiz został rozwiązany 1 660 razy
  • Średni wynik to 6 z 15
Statystyki odpowiedzi
Obrazkowy Odpowiedź % Poprawnych
Gdańsk
86%
Białystok
73%
Katowice
71%
Kraków
56%
Poznań
47%
Zakopane
45%
Warszawa
38%
Wrocław
37%
Lublin
34%
Toruń
29%
Bydgoszcz
25%
Łódź
25%
Szczecin
15%
Elbląg
11%
Płock
6%
Nie znaleziono quizów pasujących do podanych kryteriów
Rozkład punktacji
Procent ludzi z każdym wynikiem
Percentyl według liczby udzielonych odpowiedzi
Twoja historia wyników
Nie rozwiązałeś tego quizu